|
|
|
|
| LEADER |
01228nam a2200277 a 4500 |
| 001 |
2537810 |
| 008 |
091004s1992 bg ab b 000 0 eng d |
| 010 |
|
|
|a \\\93901601
|
| 020 |
|
|
|a 9848111018 :
|c Tk690.00
|
| 040 |
|
|
|a DLC
|c DLC
|d DLC
|
| 082 |
0 |
0 |
|a 333.9/102/095492
|
| 245 |
0 |
0 |
|a People's participation, NGOs, and the Flood Action Plan :
|b an independent review /
|c Shapan Adnan ... [et al.].
|
| 250 |
|
|
|a 1st ed.
|
| 260 |
|
|
|a Dhaka, Bangladesh :
|b Research & Advisory Services,
|c 1992.
|
| 300 |
|
|
|a xi, 12, 173 p. :
|b ill., maps ;
|c 26 cm.
|
| 500 |
|
|
|a "Commissioned by Oxfam-Bangladesh."
|
| 504 |
|
|
|a Includes bibliographical references (p. [123]-138).
|
| 541 |
1 |
|
|e 00004967
|
| 650 |
|
0 |
|a Flood control
|x Social aspects
|z Bangladesh.
|
| 650 |
|
0 |
|a Non-governmental organizations
|z Bangladesh.
|
| 700 |
1 |
|
|a Adnan, Shapan.
|
| 710 |
2 |
|
|a Research & Advisory Services (Organization : Dhaka, Bangladesh)
|
| 710 |
2 |
|
|a Oxfam-Bangladesh.
|
| 852 |
4 |
|
|a Ayesha Abed Library
|j General shelf
|
| 999 |
|
|
|c 4225
|d 4225
|
| 952 |
|
|
|0 0
|1 0
|2 ddc
|4 0
|6 333_910209549200000_PEO_1992
|7 0
|9 3885
|a BRACUL
|b BRACUL
|c GEN
|d 2009-10-04
|g 0.00
|l 1
|m 7
|o 333.9102095492 PEO
|p 3010004967
|r 2011-08-21
|s 2011-06-02
|t 1
|w 2009-10-04
|y BK
|x No price found in the accession register.
|